Special educational needs and inclusive education : Major themes in education

में बचाया:
ग्रंथसूची विवरण
स्वरूप: पुस्तक
भाषा:Undetermined
प्रकाशित: London, England RoutledgeFalmer 2004
विषय:
टैग : टैग जोड़ें
कोई टैग नहीं, इस रिकॉर्ड को टैग करने वाले पहले व्यक्ति बनें!
Thư viện lưu trữ: Trung tâm Học liệu Trường Đại học Cần Thơ
LEADER 00601nam a2200193Ia 4500
001 CTU_117730
008 210402s9999 xx 000 0 und d
082 |a 371.9046 
082 |b S741/Vol.2 
245 0 |a Special educational needs and inclusive education : 
245 0 |b Major themes in education 
245 0 |c Edited by David Mitchell 
260 |a London, England 
260 |b RoutledgeFalmer 
260 |c 2004 
650 |a Students with disabilities,Special education,Inclusive education 
650 |x Education 
904 |i Minh 
980 |a Trung tâm Học liệu Trường Đại học Cần Thơ